| 000 | 004060000a22001690004500 | ||
|---|---|---|---|
| 003 | MACL | ||
| 005 | 20160101153407.0 | ||
| 008 | 160101b xxu||||| |||| 00| 0 eng d | ||
| 040 |
_aMACL _cMACL |
||
| 041 | _aEnglish | ||
| 082 | _a530/HAL | ||
| 100 |
_aHalliday, David _926560 |
||
| 245 | _aPhysics | ||
| 260 |
_bWilley Eastern Limited _aNew Delhi |
||
| 650 |
_aPhysics _926561 |
||
| 942 |
_cBK _k530/Hal _2ddc |
||
| 999 |
_c34011 _d34011 |
||